UFC Title Holders (Start of 2013) - Statistics

General Stats
  • This quiz has been taken 981 times
  • The average score is 4 of 8
Answer Stats
Hint Answer % Correct
Light Heavyweight Jon Jones
90%
Featherweight Jose Aldo
79%
Middleweight Anderson Silva
78%
Heavyweight Cain Velasquez
59%
Welterweight Georges St. Pierre
49%
Flyweight Demetrius Johnson
18%
Bantamweight Dominic Cruz
18%
Lightweight Ben Henderson
17%
No matching quizzes found
Score Distribution
Percent of People with Each Score
Percentile by Number Answered
Your Score History
You have not taken this quiz